<?xml version='1.0' encoding='UTF-8'?>
  <record xmlns="http://www.loc.gov/MARC21/slim">
    <leader>00000cam a22000007i 4500</leader>
    <controlfield tag="001">ocm67846752</controlfield>
    <controlfield tag="003">OCoLC</controlfield>
    <controlfield tag="005">20240127100239.6</controlfield>
    <controlfield tag="008">990409s1586    gw            000 0 ger d</controlfield>
    <datafield tag="040" ind1=" " ind2=" ">
      <subfield code="a">NLGGC</subfield>
      <subfield code="b">eng</subfield>
      <subfield code="e">rda</subfield>
      <subfield code="e">dcrmr</subfield>
      <subfield code="c">NLGGC</subfield>
      <subfield code="d">QGJ</subfield>
      <subfield code="d">OCLCA</subfield>
      <subfield code="d">QGJ</subfield>
      <subfield code="d">OCLCO</subfield>
      <subfield code="d">OCLCL</subfield>
    </datafield>
    <datafield tag="029" ind1="0" ind2=" ">
      <subfield code="a">NLGGC</subfield>
      <subfield code="b">181768054</subfield>
    </datafield>
    <datafield tag="035" ind1=" " ind2=" ">
      <subfield code="a">(OCoLC)67846752</subfield>
    </datafield>
    <datafield tag="100" ind1="1" ind2=" ">
      <subfield code="a">Doleta, Johannes,</subfield>
      <subfield code="e">author.</subfield>
      <subfield code="4">aut</subfield>
    </datafield>
    <datafield tag="245" ind1="1" ind2="0">
      <subfield code="a">Kurtze Propheceyung oder Practita. Was sich vngeferlich auff daß M.D.LXXXVII. vnd auff daß M.D.LXXXVIII. Jar zutragen soll, grosse, wichtige, schwere, sörgliche vnd schrecklichen vnd zuvor nie gehörten, vnnd allen Ständen wol acht zunemen, damit ein jeder inn dieser geferlichen vnd letzten zeit sein Leben in Gott zu richten weiß /</subfield>
      <subfield code="c">trewlich angezeigt. Durch den Bilger Ruth im Walt verborgen.</subfield>
    </datafield>
    <datafield tag="246" ind1="3" ind2=" ">
      <subfield code="a">Kurtze Propheceyung oder Practita. Was sich ungeferlich auff dass M.D.LXXXVII. und auff dass M.D.LXXXVIII. Jar zutragen soll, grosse, wichtige, schwere, sörgliche und schrecklichen und zuvor nie gehörten, unnd allen Ständen wol acht zunemen, damit ein jeder inn dieser geferlichen und letzten zeit sein Leben in Gott zu richten weiss</subfield>
    </datafield>
    <datafield tag="246" ind1="1" ind2=" ">
      <subfield code="i">Title should read:</subfield>
      <subfield code="a">Kurtze Propheceyung oder Practica</subfield>
    </datafield>
    <datafield tag="264" ind1=" " ind2="1">
      <subfield code="a">Gedruckt zu Erfford, :</subfield>
      <subfield code="b">durch Johann Beck unter den Schülern.,</subfield>
      <subfield code="c">M. D. LXXXVI. [1586]</subfield>
    </datafield>
    <datafield tag="300" ind1=" " ind2=" ">
      <subfield code="a">[15] pages ;</subfield>
      <subfield code="c">20 cm (4to)</subfield>
    </datafield>
    <datafield tag="336" ind1=" " ind2=" ">
      <subfield code="a">text</subfield>
      <subfield code="b">txt</subfield>
      <subfield code="2">rdacontent</subfield>
    </datafield>
    <datafield tag="337" ind1=" " ind2=" ">
      <subfield code="a">unmediated</subfield>
      <subfield code="b">n</subfield>
      <subfield code="2">rdamedia</subfield>
    </datafield>
    <datafield tag="338" ind1=" " ind2=" ">
      <subfield code="a">volume</subfield>
      <subfield code="b">nc</subfield>
      <subfield code="2">rdacarrier</subfield>
    </datafield>
    <datafield tag="340" ind1=" " ind2=" ">
      <subfield code="m">4to</subfield>
      <subfield code="2">rdabf</subfield>
    </datafield>
    <datafield tag="500" ind1=" " ind2=" ">
      <subfield code="a">A2r: Es schreibet M. Johannes Doleta ....</subfield>
    </datafield>
    <datafield tag="500" ind1=" " ind2=" ">
      <subfield code="a">Authorship and author's identity much disputed. Johannes Doleta might be a pseudonym. Also attributed to Johannes Lichtenberger.</subfield>
    </datafield>
    <datafield tag="500" ind1=" " ind2=" ">
      <subfield code="a">Initial.</subfield>
    </datafield>
    <datafield tag="500" ind1=" " ind2=" ">
      <subfield code="a">Signatures: A-B⁴; B4 is blank.</subfield>
    </datafield>
    <datafield tag="510" ind1="3" ind2=" ">
      <subfield code="a">Not in: Verzeichnis der im deutschen Sprachbereich erschienenen Drucke des 16. Jahrhunderts (VD 16)</subfield>
    </datafield>
    <datafield tag="510" ind1="4" ind2=" ">
      <subfield code="a">Rijksuniversiteit te Utrecht. Pamfletten niet voorkomende in afzonderlijk gedrukte catalogi der verzamelingen in andere openbare Nederlandsche bibliotheken,</subfield>
      <subfield code="c">381</subfield>
    </datafield>
    <datafield tag="650" ind1=" " ind2="0">
      <subfield code="a">Astrology</subfield>
      <subfield code="v">Early works to 1800.</subfield>
    </datafield>
    <datafield tag="650" ind1=" " ind2="0">
      <subfield code="a">Prophecies</subfield>
      <subfield code="v">Early works to 1800.</subfield>
    </datafield>
    <datafield tag="650" ind1=" " ind2="6">
      <subfield code="a">Astrologie</subfield>
      <subfield code="v">Ouvrages avant 1800.</subfield>
    </datafield>
    <datafield tag="650" ind1=" " ind2="6">
      <subfield code="a">Prophéties</subfield>
      <subfield code="v">Ouvrages avant 1800.</subfield>
    </datafield>
    <datafield tag="650" ind1=" " ind2="7">
      <subfield code="a">Astrology</subfield>
      <subfield code="2">fast</subfield>
    </datafield>
    <datafield tag="650" ind1=" " ind2="7">
      <subfield code="a">Prophecies</subfield>
      <subfield code="2">fast</subfield>
    </datafield>
    <datafield tag="655" ind1=" " ind2="7">
      <subfield code="a">Early works</subfield>
      <subfield code="2">fast</subfield>
    </datafield>
    <datafield tag="700" ind1="1" ind2=" ">
      <subfield code="a">Lichtenberger, Johannes,</subfield>
      <subfield code="d">active 15th century,</subfield>
      <subfield code="e">attributed name.</subfield>
      <subfield code="4">att</subfield>
      <subfield code="1">https://id.oclc.org/worldcat/entity/E39PBJgxmYbGhKP7rFkwXgWYyd</subfield>
    </datafield>
    <datafield tag="700" ind1="1" ind2=" ">
      <subfield code="a">Beck, Johann,</subfield>
      <subfield code="d">1543-1601,</subfield>
      <subfield code="e">printer.</subfield>
      <subfield code="4">prt</subfield>
      <subfield code="1">https://id.oclc.org/worldcat/entity/E39PCjJtDKJYbVBB9Rgbcv3c8y</subfield>
    </datafield>
    <datafield tag="752" ind1=" " ind2=" ">
      <subfield code="a">Germany</subfield>
      <subfield code="d">Erfurt,</subfield>
      <subfield code="e">publication place.</subfield>
      <subfield code="4">pup</subfield>
    </datafield>
    <datafield tag="758" ind1=" " ind2=" ">
      <subfield code="i">has work:</subfield>
      <subfield code="a">Kurtze Propheceyung oder Practica (Text)</subfield>
      <subfield code="1">https://id.oclc.org/worldcat/entity/E39PD3XrtkDGJkG4Y6t3TG3jkC</subfield>
      <subfield code="4">https://id.oclc.org/worldcat/ontology/hasWork</subfield>
    </datafield>
    <datafield tag="881" ind1=" " ind2=" ">
      <subfield code="a">Kurtze Propheceyung oder Practita. || Was sich vngeferlich || auff daß M.D.LXXXVII. vnd auff daß M.D. || LXXXVIII. Jar zutragen soll/ grosse/ wichtige/ schwere/ || sörgliche vnd schrecklichen vnd zuvor nie gehörten/ vnnd allen || Ständen wol acht zunemen/ damit ein jeder inn dieser ge- || ferlichen vnd letzten zeit sein Leben in Gott zu rich- || ten weiß  trewlich angezeigt. || Durch den Bilger Ruth im Walt || verborgen. ||</subfield>
    </datafield>
  </record>